Score 0/20 Timer 04:00
3 Plays Today
% Correct
SpongeBob SquarePants
96.9%
Elton John
94.7%
Mike Tyson
91.3%
Prince Harry
85.9%
Samuel L. Jackson
84.2%
Madonna
81.8%
Condoleezza Rice
80.1%
Amy Winehouse
80%
David Letterman
75.9%
Larry King
75.1%
% Correct
Elijah Wood
68.4%
Ron Howard
68.2%
Michael Strahan
50.1%
Jesse Ventura
45%
Ted Turner
41.7%
Anna Paquin
39.5%
Ronaldo
39.1%
Ernest Borgnine
34.7%
Bobby Brown
23.2%
Omar Sharif
11.7%
Remove Ads.
Support Sporcle.
Get the best of Sporcle when you Go Orange. This ad-free experience offers more features, more stats, and more fun while also helping to support Sporcle. Thank you for becoming a member.

You're not logged in!

Compare scores with friends on all Sporcle quizzes.
OR
Log In

Show Comments

Extras

Top Quizzes Today


Score Distribution

Your Account Isn't Verified!

In order to create a playlist on Sporcle, you need to verify the email address you used during registration. Go to your Sporcle Settings to finish the process.

Report this User

Report this user for behavior that violates our Community Guidelines.

Details: